[Event "WSTCC-50 2020"]
[Site "Prague"]
[Date "2020.03.06"]
[Round "1.1"]
[White "Shabalov, Alexander"]
[Black "Zeidler, Sven P."]
[Result "1-0"]
[WhiteElo "2524"]
[BlackElo "2170"]
[Annotator "TA"]
[PlyCount "71"]
[EventDate "2020.03.06"]
[EventType "team-tourn"]
[EventCountry "CZE"]
[SourceTitle "playchess.com"]
[Source "ChessBase"]
[SourceQuality "1"]

{[%evp 9,71,35,24,34,25,19,58,49,92,73,118,78,88,41,123,104,124,87,87,87,90,92,89,89,100,56,70,68,72,56,38,28,49,29,35,3,34,34,40,34,74,61,127,116,127,127,140,138,143,143,217,150,150,150,150,142,150,150,243,150,380,372,709,663]} 1. Nf3 f5 2. g3 Nf6 3. c4 g6 4. b4 c6 5. Bb2 Bg7 6. Bg2 {A10: English Opening: Unusual Replies for Black.} O-O 7. O-O Na6 8. Qb3 {[#] White is slightly better.} d5 $146 ({Predecessor:} 8... Kh8 9. d3 d6 10. Nbd2 e5 11. a4 Qe7 12. c5 dxc5 13. b5 Be6 14. Nc4 e4 15. bxa6 {½-½ (62) Vazquez Igarza,R (2556)-Idani,P (2586) Linares 2019}) 9. d3 h6 10. Nc3 Be6 11. b5 Nc7 (11... dxc4 $14 12. dxc4 cxb5) 12. Nd4 dxc4 13. Nxe6 cxb3 14. Nxd8 Rfxd8 15. bxc6 bxc6 16. axb3 Nfd5 17. Nxd5 (17. Na4 {looks sharper.} Rab8 18. Rfc1 Nb4 19. Bxg7 Kxg7 20. Nc5) 17... cxd5 18. Bxg7 Kxg7 19. Rfc1 Rd7 20. Rc6 Ne8 21. e4 $36 {[%mdl 2048] Black should prevent Raa6. White fights for an advantage.} Rb8 $1 22. Bh3 {Strongly threatening Rxg6+!} dxe4 (22... Rd6 {keeps more tension.} 23. Rc5 Kf6 24. Bg2 dxe4 25. dxe4 fxe4 26. Bxe4 Rxb3 27. Rxa7 Rb2) 23. dxe4 {And now Rxg6+! would win.} Rd6 24. Rc5 Rxb3 25. exf5 gxf5 ({Better is} 25... g5 $14) 26. Rxa7 $16 Re6 27. Bxf5 Re2 28. Rc2 Re1+ 29. Kg2 h5 (29... Nd6 $16) 30. Ra4 Nd6 31. Bd7 Rbb1 32. Bc6 Kf6 33. Rf4+ Kg5 (33... Kg6 $16 34. Bf3 Rb5) 34. Bf3 Ne8 $2 {[#]} (34... Rb5 $16 35. Rc7 Kg6) 35. Rc5+ $18 e5 $2 (35... Kh6 36. Rxh5+ Kg6) 36. Be4 {Accuracy: White = 69%, Black = 46%.} 1-0

[Event "WSTCC-50 2020"]
[Site "Prague"]
[Date "2020.03.06"]
[Round "1.2"]
[White "Morris, Charles F"]
[Black "Kaidanov, Gregory"]
[Result "0-1"]
[WhiteElo "2073"]
[BlackElo "2546"]
[Annotator "TA"]
[PlyCount "88"]
[EventDate "2020.03.06"]
[EventType "team-tourn"]
[EventCountry "CZE"]
[SourceTitle "playchess.com"]
[Source "ChessBase"]
[SourceQuality "1"]

{[%evp 11,88,-16,0,0,5,0,0,16,4,0,0,-14,-7,-20,-9,-165,-145,-150,-62,-54,-49,-109,-109,-109,-109,-109,-109,-109,-109,-109,-109,-117,-117,-117,-128,-122,-120,-118,-93,-93,-93,-120,-92,-187,-92,-218,-214,-221,-199,-321,-321,-455,-450,-519,-503,-892,-885,-814,-775,-766,-742,-1265,-1169,-4714,-4714,-4706,-1264,-29988,-29989,-29989,-29982,-29990,-29991,-29992,-29993,-29993,-29993,-29993,-29993]} 1. c4 e6 2. g3 d5 3. Bg2 Nf6 4. Nf3 dxc4 5. Na3 Bxa3 6. bxa3 O-O 7. Bb2 {A13: English Opening: 1...e6.} Nc6 8. Rc1 Re8 9. Rxc4 {The position is equal.} e5 10. Rxc6 bxc6 11. Nxe5 Nd5 {[#]} 12. Nxc6 $146 ({Predecessor:} 12. O-O Qd6 13. e4 Nb6 14. d4 Ba6 15. Qb3 Qe6 16. Rc1 f6 17. d5 cxd5 18. exd5 {½-½ (30) Le Quang,K (2285)-Lalic,B (2478) Dieppe 2014}) 12... Qd6 13. Qa4 $2 (13. Qb3 $11 {and White has nothing to worry.} Be6 14. Qc2) 13... Bb7 $36 {[%mdl 2048] Keeping White busy.} 14. Qd4 {[%csl Gb2][%cal Rd4g7]} Nf6 (14... Qg6 $1 $17 {[%cal Rg6b1] ( -> ...Qb1+)} 15. O-O Bxc6 16. Bxd5 Bxd5 17. Qxd5 Rad8) 15. Qxd6 $15 cxd6 16. Bxf6 {Black continues to play with concentration.} (16. Kf1 $1 $15) 16... gxf6 $17 17. d4 Bxc6 $1 18. Bxc6 {[#] Strongly threatening Kd2.} Rab8 $1 19. Bxe8 {[%mdl 4096] Endgame KRB-KR} Rb1+ 20. Kd2 Rxh1 {KR-KB} 21. h4 Ra1 22. a4 Rxa2+ 23. Kd3 Kf8 24. Bb5 Ke7 25. Ke4 Rc2 26. Kd5 h6 27. Bd3 (27. Ke4 $17) 27... Rc1 (27... Ra2 $19 {is more deadly.} 28. Bb5 f5) 28. g4 (28. Ke4 $17) 28... Ra1 $19 29. Bb5 Rh1 30. h5 {[#]} (30. Ke4 {was called for.}) 30... f5 $1 {[%mdl 512]} 31. gxf5 (31. f3 $142) 31... Rxh5 32. Bd3 f6 33. Kc6 (33. Ke4 $142 Rg5 34. Ke3) 33... Rh2 34. Kb7 Kd7 35. Bb5+ {[#]} Kd8 $1 36. f3 h5 37. Kc6 h4 38. Kxd6 h3 39. e4 Rd2 {Black mates.} 40. e5 Rxd4+ 41. Ke6 h2 42. Kxf6 h1=Q 43. e6 Qh8+ 44. Kf7 Qh7+ {Accuracy: White = 46%, Black = 82%.} 0-1

[Event "WSTCC-50 2020"]
[Site "Prague"]
[Date "2020.03.06"]
[Round "1.3"]
[White "Benjamin, Joel"]
[Black "Fletcher, John"]
[Result "1-0"]
[WhiteElo "2508"]
[BlackElo "1969"]
[Annotator "TA"]
[PlyCount "29"]
[EventDate "2020.03.06"]
[EventType "team-tourn"]
[EventCountry "CZE"]
[SourceTitle "playchess.com"]
[Source "ChessBase"]
[SourceQuality "1"]

{[%evp 13,29,18,26,16,50,39,27,25,68,68,66,73,233,209,516,453,445,445]} 1. e4 c5 2. Nf3 Nc6 3. c3 Nf6 4. e5 Nd5 5. Bc4 Nb6 6. Bb3 d5 7. exd6 Qxd6 8. O-O {B22: Sicilian: 2 c3.} Bf5 9. d4 e6 10. Na3 {White has an edge.} a6 11. Be3 cxd4 12. Nxd4 {[#]} Be4 $146 (12... Nxd4 $16 13. Bxd4 O-O-O) ({Predecessor:} 12... Nxd4 13. Bxd4 O-O-O 14. Qh5 Qc7 15. Bxb6 Qxb6 16. Qxf7 Bc5 17. Nc4 Qc7 18. Qxc7+ Kxc7 {1-0 (59) Vachier Lagrave,M (2742)-Sutovsky,E (2657) Rhodes 2013}) 13. Nxe6 {[%mdl 64] [#] Discovered Attack} Nd5 $2 (13... Qxd1 14. Raxd1 fxe6) 14. Bxd5 Bxd5 15. Nxf8 {Black got outplayed after the opening} 1-0

[Event "WSTCC-50 2020"]
[Site "Prague"]
[Date "2020.03.06"]
[Round "1.4"]
[White "Adams, Mark"]
[Black "Novikov, Igor"]
[Result "0-1"]
[WhiteElo "1949"]
[BlackElo "2551"]
[Annotator "TA"]
[PlyCount "92"]
[EventDate "2020.03.06"]
[EventType "team-tourn"]
[EventCountry "CZE"]
[SourceTitle "playchess.com"]
[Source "ChessBase"]
[SourceQuality "1"]

{[%evp 12,92,33,10,24,17,33,34,46,37,24,33,37,0,19,10,26,26,25,10,35,0,0,-8,-6,-12,-10,-17,0,-23,-21,-39,-43,-74,-65,-92,-58,-64,-43,-112,-99,-149,-149,-205,-196,-245,-237,-447,-246,-245,-245,-339,-339,-503,-492,-449,-252,-243,-211,-345,-319,-320,-294,-426,-426,-453,-373,-370,-355,-333,-272,-264,-225,-233,-263,-652,-649,-591,-568,-649,-629,-509,-408]} 1. e4 c5 2. Nf3 d6 3. d4 cxd4 4. Nxd4 Nf6 5. f3 e5 6. Nb3 Be6 7. c4 a5 {B55: Sicilian: 2...d6 3 d4 cxd4 4 Nxd4 Nf6 5 f3.} ({Reject} 7... Nxe4 $6 8. fxe4 Qh4+ 9. Kd2 $16) 8. Be3 a4 9. N3d2 Qa5 {White is slightly better.} 10. Be2 Be7 11. O-O O-O 12. a3 Nbd7 13. Nc3 {[%cal Bb1c3,Bc3a2,Ba2b4,Bb4d5][%mdl 32]} Nc5 {[#]} 14. Kh1 $146 ({Predecessor:} 14. Nd5 Bxd5 15. cxd5 b5 16. Rc1 Nfd7 17. Qc2 Rfb8 18. Qc3 b4 19. axb4 Qxb4 20. Nc4 {0-1 (64) Berczes,C (2115)-Banhazi,I (2105) Budapest 1999}) 14... Nfd7 15. Rc1 Rfc8 16. Na2 Qd8 17. Nb4 Bg5 18. Bxg5 Qxg5 19. Rc3 Nb8 20. Nd5 Qd8 21. Nb4 Nc6 22. Nd3 Nd4 23. Nxc5 dxc5 24. Rf2 Rc7 25. Bf1 {Black converts the advantage convincingly.} ({Better is} 25. Qe1 $15) 25... Rd7 $17 26. Qc1 Ra6 $36 {[%mdl 2048] Black is really pushing.} 27. f4 (27. Nb1 $17) 27... exf4 $19 28. Nf3 {[#]} Nxf3 $1 29. gxf3 $2 (29. Rfxf3 Rad6 30. Qxf4) 29... Qh4 (29... g5 $142 30. Rg2 Bh3 31. Rxg5+ Qxg5 32. Bxh3 Rd8) 30. Rd2 Rad6 31. Rxd6 Rxd6 32. Rd3 (32. Rc2 $142 Bh3 33. Bxh3 Qxh3 34. Rf2) 32... Rxd3 33. Bxd3 h6 (33... Qf2 $142 {( -> ...Bh3)} 34. Qxf4 h6 35. Qb8+ Kh7) 34. Qd2 Qd8 {[#] And now ...Bxc4! would win.} 35. Qe2 (35. Qc3 $142) 35... Qd4 36. Kg2 g5 37. h3 (37. Qc2 $142) 37... Kg7 38. Kh2 Qe3 39. Qxe3 fxe3 {[%mdl 4096] Endgame KB-KB} 40. Kg3 Kf6 41. f4 gxf4+ 42. Kxf4 Bxh3 43. Kxe3 $2 (43. e5+ Ke6 44. Be2) 43... Ke5 {Black is clearly winning.} 44. Bc2 Bd7 45. Bd1 b6 46. Be2 Bc6 {Accuracy: White = 45%, Black = 82%.} 0-1

[Event "WSTCC-50 2020"]
[Site "Prague"]
[Date "2020.03.06"]
[Round "1.5"]
[White "Jackson, Sheila"]
[Black "Jussupow, Artur"]
[Result "0-1"]
[WhiteElo "2085"]
[BlackElo "2560"]
[Annotator "TA"]
[PlyCount "66"]
[EventDate "2020.03.06"]
[EventType "team-tourn"]
[EventCountry "CZE"]
[SourceTitle "playchess.com"]
[Source "ChessBase"]
[SourceQuality "1"]

{[%evp 11,66,21,16,15,15,5,24,3,23,22,31,33,38,35,33,40,54,47,60,33,35,43,41,0,-5,-4,0,0,2,-60,-39,-54,-51,-71,-68,-77,-81,-87,-43,-46,-26,-53,-33,-8,-7,-6,22,-667,-662,-651,-645,-644,-635,-618,-29,-618,-618]} 1. e4 e6 2. d4 d5 3. Nd2 c5 4. exd5 exd5 5. Bb5+ Nc6 6. Qe2+ Be7 7. Ngf3 {C08: French Tarrasch: 3...c5 4 exd5 exd5 sidelines.} Nf6 8. dxc5 $1 O-O 9. Nb3 {White has an edge.} a6 10. Bd3 {[#]} Bxc5 $146 {[%mdl 64] Decoy} ({Predecessor:} 10... Bg4 11. h3 Bxf3 12. Qxf3 Bxc5 13. O-O Ne5 14. Qg3 Bd6 15. Bg5 h6 16. Bc1 Re8 {0-1 (28) Laverdet,T (1925)-Sumets,A (2616) Wasselonne 2012}) 11. Nxc5 {Black must now prevent 0-0.} Qa5+ {[%mdl 64] Double Attack} 12. c3 $1 Qxc5 13. Be3 Qe7 14. h3 Ne4 15. O-O-O Re8 16. Rhe1 Bf5 17. g4 Bg6 $1 18. Nd4 Ne5 19. Bxe4 dxe4 20. Kb1 (20. Bf4 $11) 20... Rad8 21. Ka1 Nd3 22. Rh1 f6 23. h4 Bf7 24. g5 f5 25. g6 $1 hxg6 {And now ...f4 would win.} 26. Bg5 Qc5 {Hoping for ...Qc4!} 27. Bxd8 Qc4 $40 {[%csl Gf7][%cal Rc4a2][%mdl 128] Black attacks.} 28. Nb3 {Bb6 is the strong threat.} Qa4 29. Rxd3 $4 {[%mdl 8192]} (29. Kb1 $11 Rxd8 30. Nc1) 29... Bxb3 $19 {[%csl Gb3][%cal Ra4a2]} 30. a3 exd3 {[%mdl 64] Discovered Attack} 31. Qxd3 {[#] White hopes to continue with Bg5.} Bc4 $1 {[%cal Rc4d3]} 32. Qd1 {[#]} Qxd1+ $1 33. Rxd1 Bb3 {Accuracy: White = 82%, Black = 96%.} 0-1

[Event "WSTCC-50 2020"]
[Site "Prague"]
[Date "2020.03.06"]
[Round "1.6"]
[White "Levin, Felix"]
[Black "Bellin, Jana M"]
[Result "1-0"]
[WhiteElo "2480"]
[BlackElo "2020"]
[Annotator "TA"]
[PlyCount "71"]
[EventDate "2020.03.06"]
[EventType "team-tourn"]
[EventCountry "CZE"]
[SourceTitle "playchess.com"]
[Source "ChessBase"]
[SourceQuality "1"]

{[%evp 19,71,67,63,62,66,64,87,83,104,61,63,0,124,72,102,96,100,104,130,133,166,179,263,241,258,220,225,222,223,225,448,453,409,445,445,432,437,437,458,454,412,441,425,433,436,424,514,510,493,497,490,471,29998,29999]} 1. d4 Nf6 2. c4 c5 3. d5 e5 4. Nc3 d6 5. e4 Be7 6. g3 a6 7. a4 O-O 8. Bg2 Ne8 9. Nge2 Nd7 10. O-O g6 11. Bh6 {A56: Czech Benoni.} Ng7 12. Qd2 Nf6 13. h3 {White is better.} Kh8 14. Be3 Nd7 15. Bh6 ({White should try} 15. b3 $14) 15... Nf6 $1 $16 16. Rae1 {White stays focused until the end.} (16. a5 $142) 16... Ng8 {[#]} 17. Be3 $1 $36 {[%mdl 2048] White has strong initiative.} f5 18. f4 {[#]} exf4 $146 ({Predecessor:} 18... Bf6 19. Kh2 b6 20. fxe5 Bxe5 21. Bg5 Nf6 22. exf5 gxf5 23. Bf3 Ra7 24. Kg2 Re7 25. Nf4 Qd7 26. Nd3 Ree8 {½-½ (70) Ekstroem,R (2476)-Atlas,V (2441) Switzerland 2008}) 19. Nxf4 Nf6 {[#]} 20. exf5 $1 Bxf5 (20... gxf5 $142 21. b3 Re8) 21. g4 $18 Bc8 22. Ne4 Nxe4 23. Bxe4 Bh4 24. Bf2 Bxf2+ $2 (24... Kg8 25. Nxg6 hxg6) 25. Rxf2 {Threatens to win with Nxg6+.} ({Weaker is} 25. Kxf2 g5 $11) 25... g5 26. Nd3 Rxf2 27. Nxf2 ({Not} 27. Qxf2 Bd7 $16) 27... Bd7 28. Bc2 Be8 29. Ne4 Bg6 30. Nxg5 {And now Bxg6 would win.} Qf6 {intending ...Bxc2.} 31. Bxg6 Qxg6 32. Qf4 Kg8 {Black hopes to continue with ...Rf8.} 33. Rf1 Re8 34. Qf7+ Qxf7 35. Nxf7 ({And not} 35. Rxf7 h6 $11) 35... Re2 (35... a5 $18 36. Nh6+ Kh8) 36. Nh6+ {Accuracy: White = 84%, Black = 55%.} 1-0

[Event "WSTCC-50 2020"]
[Site "Prague"]
[Date "2020.03.06"]
[Round "1.7"]
[White "Lauterbach, Ingrid"]
[Black "Meister, Jakob"]
[Result "1/2-1/2"]
[WhiteElo "2057"]
[BlackElo "2427"]
[Annotator "TA"]
[PlyCount "143"]
[EventDate "2020.03.06"]
[EventType "team-tourn"]
[EventCountry "CZE"]
[SourceTitle "playchess.com"]
[Source "ChessBase"]
[SourceQuality "1"]

{[%evp 9,143,17,48,37,47,33,44,28,33,-8,-14,-9,11,1,18,0,22,-11,0,-16,13,-11,0,-19,-18,-21,-25,-65,-81,-92,-93,-146,-114,-156,-140,-193,-199,-195,-197,-201,-202,-181,-167,-162,-148,-174,-174,-158,-160,-164,-159,-184,-171,-328,-328,-327,-320,-320,-319,-701,-701,-676,-676,-676,-668,-1194,-1098,-1000,-964,-661,0,0,0,0,0,0,0,0,0,0,0,0,0,0,0,0,0,0,0,0,0,0,0,0,0,0,0,0,0,0,0,0,0,0,0,0,0,0,0,0,0,0,0,-263,0,0,0,0,0,0,0,0,0,0,0,0,0,0,0,0,0,0,0,0,0,0]} 1. Nf3 d5 2. g3 Nd7 3. d4 c6 4. Bg2 Ngf6 5. O-O Ne4 6. c4 {D02: 1 d4 d5 2 Nf3 sidelines, including 2...Nf6 3 g3 and 2...Nf6 3 Bf4.} e6 7. b3 Be7 8. Qc2 {White is slightly better.} f5 9. Ne5 Nxe5 10. dxe5 O-O {[#]} 11. Nc3 $146 ({Predecessor:} 11. Bf4 Qc7 12. Nd2 g5 13. Be3 Qxe5 14. Nf3 Qg7 15. Rad1 Bf6 16. Bd4 Bxd4 17. Nxd4 {0-1 (33) Cruz,E (1450)-Guy,S (1616) IECG email 2000}) 11... Bd7 12. Bb2 Be8 13. a3 Bg6 14. b4 Qe8 15. Rac1 a6 16. c5 Nxc3 17. Qxc3 f4 18. gxf4 Rxf4 19. Qg3 Qf7 20. e3 (20. Rcd1 $142) 20... Rh4 $17 21. Rcd1 Bf5 22. f3 (22. Rd4 $17 {is a better defense.} Rh5 23. f4) 22... Rh6 $19 23. e4 Rg6 24. Qe1 Bh3 $1 25. Rd2 Rd8 {...Bg5 is the strong threat.} 26. Kh1 Bxg2+ 27. Rxg2 Rxg2 28. Kxg2 Qg6+ 29. Qg3 Qxg3+ ({Much less strong is} 29... dxe4 30. Qxg6 exf3+ 31. Kxf3 $15) 30. hxg3 dxe4 {Hoping for ...Rd2+.} 31. fxe4 $2 {[%mdl 4096] Endgame KRB-KRB} (31. Kh3) 31... Rd2+ 32. Rf2 Rxf2+ $1 33. Kxf2 {[#] KB-KB} a5 $1 {[%cal Ba6a5,Ba5a4][%mdl 32]} 34. Bc1 $2 (34. bxa5 Bxc5+ 35. Kf3) 34... a4 35. Kf3 Kf7 36. Kg4 {If only White now had time for Kh5....} Kg6 37. Bd2 h5+ 38. Kf3 Bg5 39. Bf4 h4 $2 ({Black should try} 39... Bh6 $19 {aiming for ...Bg5.} 40. Kg2 Kh7) 40. Kg4 $1 $11 {[%mdl 64] Double Attack} Bd8 {Strongly threatening ...hxg3.} 41. gxh4 Bc7 42. h5+ Kf7 43. Kf3 g6 44. hxg6+ Kxg6 45. Ke3 Kh5 {Threatens to win with ...Kg4.} 46. Kf3 Bd8 47. Bc1 Bh4 48. Bd2 $1 Bd8 49. Be3 Kh4 50. Bd2 Kh3 {next ...Bh4 is good for Black.} 51. Bc1 Bh4 52. Bd2 Bg3 53. Bc3 $1 Kh4 54. Bb2 $1 Be1 55. Ke2 $1 {[%cal Re2e1]} Bg3 56. Kf3 Kh3 (56... Be1 $5) 57. Bc3 $1 Bh4 58. Bd2 Bd8 59. Bc1 Kh4 60. Be3 Kh5 61. Bd2 $2 {[%mdl 8192] [#]} (61. Bc1 $11 {and White stays safe.}) 61... Kg6 $2 (61... Bh4 $1 $19 62. Be3 Be1) 62. Kg4 {The position is equal.} Kf7 63. Be3 Kg6 64. Bc1 Bc7 65. Bb2 Kf7 66. Kh5 b6 67. cxb6 Bxb6 68. Kg5 Ke7 69. Kg6 Be3 70. Kg7 c5 71. bxc5 $1 Bxc5 72. Kg8 {And White is the lucky defender. Accuracy: White = 77%, Black = 95%.} 1/2-1/2

[Event "WSTCC-50 2020"]
[Site "Prague"]
[Date "2020.03.06"]
[Round "1.8"]
[White "Koehler, Gerhard"]
[Black "Fink-Nunn, Petra"]
[Result "1-0"]
[WhiteElo "2204"]
[BlackElo "1983"]
[Annotator "ChessBase"]
[PlyCount "89"]
[EventDate "2020.03.06"]
[EventType "team-tourn"]
[EventCountry "CZE"]
[SourceTitle "playchess.com"]
[Source "ChessBase"]
[SourceQuality "1"]
[TimeControl "40/5400+30:1800+30"]

1. c4 {[%emt 0:00:00]} e6 {[%emt 0:00:00]} 2. Nc3 {[%emt 0:00:00]} d5 {[%emt 0:00:00]} 3. d4 {[%emt 0:00:08]} Be7 {[%emt 0:00:02]} 4. Nf3 {[%emt 0:00:33]} Nf6 {[%emt 0:00:09]} 5. Bg5 {[%emt 0:00:13]} h6 {[%emt 0:00:22]} 6. Bh4 {[%emt 0:01:37]} O-O {[%emt 0:00:13]} 7. e3 {[%emt 0:00:19]} b6 {[%emt 0:00:10]} 8. cxd5 {[%emt 0:01:02]} Nxd5 {[%emt 0:00:20]} 9. Bxe7 {[%emt 0:00:37]} Qxe7 {[%emt 0:00:19]} 10. Nxd5 {[%emt 0:01:54]} exd5 {[%emt 0:00:07]} 11. Bd3 {[%emt 0:00:23]} Be6 {[%emt 0:04:32]} 12. O-O {[%emt 0:00:20]} c5 {[%emt 0:03:55]} 13. dxc5 {[%emt 0:00:51]} bxc5 {[%emt 0:00:22]} 14. Rc1 {[%emt 0:00:13]} Nd7 {[%emt 0:01:25]} 15. Bb1 {[%emt 0:00:39]} Rfd8 {[%emt 0:06:27]} 16. Qd3 {[%emt 0:06:21]} g6 {[%emt 0:05:26]} 17. Qa3 {[%emt 0:01:51]} Qf6 {[%emt 0:13:39]} 18. e4 {[%emt 0:09:24]} d4 {[%emt 0:04:22]} 19. Nd2 {[%emt 0:00:35]} g5 {[%emt 0:24:03]} 20. Rfe1 {[%emt 0:13:06]} Qf4 {[%emt 0:05:26]} 21. Red1 {[%emt 0:15:18]} h5 {[%emt 0:12:28]} 22. g3 {[%emt 0:15:40]} Qf6 {[%emt 0:02:04]} 23. f4 {[%emt 0:04:54]} gxf4 {[%emt 0:05:37]} 24. Rf1 {[%emt 0:00:56]} Qg5 {[%emt 0:00:06]} 25. Rxf4 {[%emt 0:01:15]} Rab8 {[%emt 0:01:44]} 26. Nf3 {[%emt 0:01:46]} Qg7 {[%emt 0:00:01]} 27. b3 {[%emt 0:00:41]} Rb7 {[%emt 0:00:20]} 28. Qa5 {[%emt 0:07:16]} Rc8 {[%emt 0:01:20]} 29. Bd3 {[%emt 0:01:54]} Rcb8 30. Qd2 {[%emt 0:02:14]} Rb4 {[%emt 0:04:24]} 31. Rf1 {[%emt 0:03:20]} a5 {[%emt 0:00:09]} 32. Nh4 {[%emt 0:02:32]} a4 {[%emt 0:00:22]} 33. Nf5 {[%emt 0:00:13]} Qh7 {[%emt 0:04:00]} 34. e5 {[%emt 0:01:51]} Kh8 {[%emt 0:01:11]} 35. Qe2 {[%emt 0:03:03]} axb3 {[%emt 0:01:19]} 36. Nd6 {[%emt 0:00:34]} Qg7 {[%emt 0:00:28]} 37. Qxh5+ {[%emt 0:00:37]} Kg8 {[%emt 0:00:02]} 38. Nxf7 {[%emt 0:00:28]} bxa2 {[%emt 0:01:31]} 39. Nh6+ {[%emt 0:00:33]} Kh8 {[%emt 0:00:06]} 40. Nf7+ {[%emt 0:00:00]} Kg8 {[%emt 0:00:00]} 41. Ng5 {[%emt 0:09:52]} Bc4 {[%emt 0:16:27]} 42. Bh7+ {[%emt 0:02:47]} Kh8 {[%emt 0:00:03]} 43. Nf7+ {[%emt 0:02:28]} Bxf7 {[%emt 0:00:40]} 44. Rxf7 {[%emt 0:00:06]} Nf6 {[%emt 0:09:00]} 45. exf6 {[%emt 0:01:04]} 1-0

[Event "WSTCC-50 2020"]
[Site "Prague"]
[Date "2020.03.06"]
[Round "1.9"]
[White "Hracek, Zbynek"]
[Black "Frostick, Clive A"]
[Result "1-0"]
[WhiteElo "2572"]
[BlackElo "2082"]
[Annotator "TA"]
[PlyCount "63"]
[EventDate "2020.03.06"]
[EventType "team-tourn"]
[EventCountry "CZE"]
[SourceTitle "playchess.com"]
[Source "ChessBase"]
[SourceQuality "1"]

{[%evp 13,63,15,22,14,15,12,12,12,37,37,36,35,36,38,43,39,58,62,49,31,42,31,29,14,28,0,26,29,38,21,143,141,137,131,551,545,565,555,508,418,652,625,1261,936,926,926,911,893,836,714,701,724]} 1. d4 d5 2. c4 e6 3. Nc3 Nf6 4. cxd5 exd5 5. Bg5 Be7 6. e3 c6 7. Bd3 Nbd7 {[%cal Bb8d7,Bd7f8,Bf8e6,Be6f4][%mdl 32] 7...Nbd7 is better than 7...0-0.} 8. h3 {D35: Queen's Gambit Declined: Exchange Variation.} Nf8 9. Nf3 Ne6 10. Bh4 {The position is equal.} Nh5 11. Bxe7 Qxe7 {[#]} 12. Qc2 $146 ({Predecessor:} 12. g4 Nf6 13. Qe2 Nc7 14. Nd2 Be6 15. Nb3 O-O-O 16. Nc5 Nd7 17. Nxe6 Nxe6 18. O-O-O {0-1 (64) Perk,E-Frumson,Y (2275) Bad Liebenzell 1996}) 12... Nef4 13. Bf1 Ng6 14. O-O-O Nf6 15. Bd3 Be6 16. Kb1 O-O-O 17. Nd2 Kb8 18. Nb3 Bc8 19. Nc5 Nd7 20. b4 Ka8 21. Qb3 b5 (21... Nxc5 $11 {keeps the balance.} 22. bxc5 Qg5) 22. a4 Nxc5 23. bxc5 a6 $2 {[%mdl 8192] [#] This move loses the game for Black.} (23... b4 $16) 24. axb5 $18 axb5 25. Kc2 Kb8 26. Ra1 Rd7 (26... Qb7 $142 27. Ra5 b4) 27. Rhb1 {White is clearly winning.} Rhd8 {[#]} 28. Nxb5 $1 {[%mdl 512] White wants to mate with Nc7+!} Rb7 (28... cxb5 29. c6) 29. Qa2 {[%csl Ga1][%cal Ra2a8]} cxb5 30. c6 Rb6 31. Qa8+ Kc7 32. Ra7+ {[%mdl 64] Skewer. Accuracy: White = 91%, Black = 51%.} 1-0

[Event "WSTCC-50 2020"]
[Site "Prague"]
[Date "2020.03.06"]
[Round "1.10"]
[White "White, Nigel"]
[Black "Haba, Petr"]
[Result "0-1"]
[WhiteElo "2001"]
[BlackElo "2470"]
[Annotator "TA"]
[PlyCount "78"]
[EventDate "2020.03.06"]
[EventType "team-tourn"]
[EventCountry "CZE"]
[SourceTitle "playchess.com"]
[Source "ChessBase"]
[SourceQuality "1"]

{[%evp 20,78,61,66,60,49,32,0,0,0,0,0,0,-9,0,-12,-14,-31,-34,-37,-33,-70,-57,-84,-84,-81,-91,-158,-155,-227,-237,-286,-286,-292,-287,-295,-291,-287,-283,-395,-363,-406,-386,-395,-383,-508,-503,-691,-654,-669,-691,-837,-798,-808,-800,-820,-776,-893,-704,-883,-863]} 1. e4 e6 2. d4 d5 3. Nd2 dxe4 4. Nxe4 Nd7 5. Nf3 Be7 6. Bd3 Ngf6 7. O-O Nxe4 8. Bxe4 c5 9. c3 Nf6 10. Bc2 cxd4 11. Nxd4 O-O {[#] C10: French with 3 Nc3: Unusual Black 3rd moves and 3...dxe4.} 12. Qf3 $146 ({Predecessor:} 12. Re1 Qc7 13. Qf3 Rd8 14. Bf4 Qb6 15. Bb3 Bd7 16. Nf5 Bf8 17. Nh6+ gxh6 18. Be3 Qa5 19. Qxf6 Bg7 20. Qh4 {1-0 (62) Paravyan,D (2605)-Kalinin,D (1995) Minsk 2019}) 12... Qd5 13. Re1 Qxf3 {The position is equal.} 14. Nxf3 b6 15. Bg5 Bb7 16. Ne5 Rfd8 17. Rad1 h6 18. Bh4 g5 19. Bg3 Ne4 20. Rd7 Rxd7 21. Nxd7 Nxg3 22. hxg3 Rd8 $36 {[%mdl 2048] Black is in control.} 23. Ne5 (23. Ba4 $142) 23... Rd2 $17 24. Bb3 (24. Rc1 $17) 24... Bc5 $19 25. Ng4 h5 ({Much less strong is} 25... Rxb2 26. Nxh6+ Kg7 27. Ng4 $19) 26. Ne3 Rxb2 27. Nd1 Rd2 28. Re5 Be7 29. Re3 Kg7 30. Kf1 Bc5 31. Re1 a5 32. Kg1 Kf6 {Black is clearly winning.} 33. Kf1 Bc6 34. a4 b5 35. axb5 Bxb5+ 36. c4 Bc6 37. Re2 {[#]} Bxg2+ $1 {[%mdl 512]} 38. Ke1 (38. Kxg2 Rxe2) 38... Rxe2+ 39. Kxe2 h4 {White did not feel at home in the position after the opening. Accuracy: White = 42%, Black = 100%.} 0-1